Statistics for Italian Professional Football Teams Quiz

Click here to take the quiz!

General Stats

  • This quiz has been taken 299 times
  • The average score is 50 of 98

Answer Stats

SERIE A% Correct
Inter
96%
Juventus
96%
Lazio
93%
MIlan
93%
Bologna
92%
Fiorentina
91%
Atalanta
90%
Napoli
90%
Genoa
89%
Roma
86%
Cagliari
83%
Hellas Verona
83%
Lecce
79%
Palermo
79%
Empoli
77%
Chievo Verona
76%
Parma
76%
Sampdoria
76%
Brescia
74%
Torino
72%
Catania
69%
Frosinone
69%
Sassuolo
69%
Ascoli Picchio
68%
Pisa
67%
Cremonese
65%
Benevento
64%
Crotone
64%
Livorno
64%
Monza
64%
Udinese
64%
Perugia
61%
L.R. Vicenza Virtus
60%
Foggia
59%
Venezia
59%
Salernitana
57%
SPAL
57%
Alessandria
56%
Carpi
55%
Catanzaro
54%
Cosenza
54%
Padova
54%
Piacenza
54%
Pescara
53%
Reggina
52%
Spezia
50%
Albinoleffe
49%
Arezzo
48%
Novara
48%
Cittadella
47%
Juve Stabia
46%
Pordenone
45%
Carrarese
44%
Lucchese
44%
Rimini
44%
Casertana
43%
Potenza
43%
Robur Siena
43%
Pro Vercelli
42%
Olbia
41%
Cuneo
40%
Feralpisalò
39%
Juventus U23
39%
Matera
39%
Pistoiese
39%
Ravenna
39%
Cavese
38%
Fermana
38%
Gubbio
38%
Monopoli
38%
Fano
36%
Imolese
36%
Ternana
36%
Trapani
35%
Giana Erminio
34%
Pro Patria
34%
Triestina
34%
Arzachena
33%
Bisceglie
33%
Albissola
32%
Paganese
32%
Sudtirol
32%
Gozzano
29%
Renate
28%
Rieti
27%
Pontedera
26%
Pro Piacenza
26%
Siracusa
26%
Sambenedettese
22%
Teramo
22%
Rende
20%
Virtus Entella
19%
Sicula Leozio
17%
Vibonese
17%
Viterbese Castrense
16%
Vis Pesaro
13%
Virtus Francavilla
12%
Virtus Vecomp Verona
11%

Score Distribution

Percentile by Number Answered

Percent of People with Each Score

Your Score History

You have not taken this quiz